| 000 | 01182nam a2200229Ia 4500 | ||
|---|---|---|---|
| 001 | L239-11362 | ||
| 003 | IT-CnALBA | ||
| 008 | 170116s9999||||xx |||||||||||||| ||und|| | ||
| 040 |
_aIT-CnALBA _cIT-CnALBA |
||
| 041 | _aITALIANO | ||
| 100 | _aGIORDANI IGINO | ||
| 245 | 0 | _aSEGNO DI CONTRADDIZIONE. | |
| 250 | _a2a ed. | ||
| 260 |
_a BRESCIA _bMORCELLIANA EDITRICE _c1934 [1° Ed.: n.d.] |
||
| 300 | _a312 p. (prefazione: 9) | ||
| 500 | _aRIVOLUZIONE CRISTIANA. ORDINE NUOVO. SANGUE DI CRISTO. CROCE E REGNO. CRISTIANI SEMICRISTIANI ANTICRISTIANI. LA MADRE. IL PAPA. LA CHIESA. ROMA. ANTIROMA. SANTI. DISERZIONE DEI MONACI. COLLABORATORI DI DIO. EVOLUZIONE DELLE VIRTÙ. SPIRITO E CULTURA. SEGNO | ||
| 501 | _aSocietà San Paolo EM - Piazza San Paolo, 14 - 12051 ALBA (CN) (non commercial uses only) ® Copyright 2017 | ||
| 520 | _aRIVOLUZIONE CRISTIANA. ORDINE NUOVO. SANGUE DI CRISTO. CROCE E REGNO. CRISTIANI SEMICRISTIANI ANTICRISTIANI. LA MADRE. IL PAPA. LA CHIESA. ROMA. ANTIROMA. SANTI. DISERZIONE DEI MONACI. COLLABORATORI DI DIO. EVOLUZIONE DELLE VIRTÙ. SPIRITO E CULTURA. SEGNO | ||
| 650 | _aAPOLOGETICA E CONTROVERSIE | ||
| 942 | _cBK | ||
| 957 | _71 | ||
| 999 |
_a16115 _bSI _g Copie: 1 _c270539 _d270539 |
||